Città più popolose per ogni lettera dell'alfabeto - Statistics

Statistiche generali
  • Questo quiz è stato fatto 182 volte
  • Il punteggio medio è 14 su 26
Statistiche sulle risposte
Hint Risposta Nazione Abitanti % Corretto
D Delhi India 31.870.000
95%
T Tokyo Giappone 39.105.000
93%
P Pechino Cina 21.893.000
90%
N New York Stati Uniti 23.580.000
88%
B Bangkok Thailandia 17.573.000
86%
I Il Cairo Egitto 20.076.000
82%
G Giacarta Indonesia 35.362.000
79%
R Riyad Arabia Saudita 7.676.000
79%
H Hanoi Vietnam 19.795.000
77%
S Shanghai Cina 41.354.000
76%
J Johannesburg Sudafrica 14.167.000
75%
O Osaka Giappone 19.303.000
75%
M Mumbai India 24.400.000
73%
L Lagos Nigeria 21.000.000
63%
W Wuhan Cina 10.892.000
50%
K Karachi Pakistan 16.051.000
43%
Y Yangon Birmania 6.497.000
27%
X Xi'an Cina 8.989.000
26%
C Chongqing Cina 32.054.000
20%
U Urumqi Cina 3.522.000
16%
A Ahmedabad India 7.717.000
14%
Q Qingdao Cina 7.172.000
8%
Z Zhengzhou Cina 4.253.000
6%
F Foshan Cina 7.236.000
5%
E Ecatepec de morelos Messico 1.655.000
4%
V Vadodara India 2.175.000
4%
Nessun quiz corrispondente trovato
Distribuzione punteggi
Percentuale di utenti per punteggio
Percentile per numero di risposta
I tuoi punteggi nel tempo
Non hai fatto questo quiz